August 21st: Birthdays - Statistics

General Stats
  • This quiz has been taken 4 times
  • The average score is 2 of 9
Answer Stats
Year Clue Answer % Correct
1938 Artist of The Gambler Kenny Rogers
100%
1891 Gangster Bugs Moran
25%
1956 Actress in Mannequin Kim Cattrall
25%
1973 Founded Google Sergey Brin
25%
1936 NBA Legend Wilt Chamberlain
25%
1879 1st to make a night flight Claude Grahame-White
0%
1924 Announcer for the Cardinals Jack Buck
0%
1858 Crown Prince of Austria Rudolf, Crown Prince of Austria
0%
1961 Created Spongebob Stephen Hillenburg
0%
No matching quizzes found
Score Distribution
Percent of People with Each Score
Percentile by Number Answered
Your Score History
You have not taken this quiz